02117nas a22002177a 450000500170000000700120001700800410002902200140007004000090008408200140009324500860010726000410019330000160023431000150025036500160026550015030028165000540178465100100183865500140184885600370186220200520100543.0cz aa aaaaa200428c f||poo|||| 00| 0 eng d a2664-7745 coclc a300bJOU/ aInternational Journal of Sociology and Political Sciencehe-Journal (Open Access) bAcademic publicationsaDelhi, India  aPDF(online) aSemiannual eOpen Access aInternational Journal of Sociology and Political Science aims to publish high quality papers in field of humanities, social science, Community and Consumer Sciences, Economics, Political Science, Geography, Philosophy, History, Humanity and Languages concerning with social science, Anthropological, Behavioral Sciences, Sociology, Journalism and Role of Media in social science, Role of NGOs in the protection of environment. Educational Sciences: For School Students, Women, Village and Society, Commerce, Law and Management related with humanities and social science, anthropology, business studies, communication studies, corporate governance, criminology, cross cultural studies, demography, development studies, economics, education, ethics, geography, history, industrial relations, information science, international relations, law, health, linguistics, library science, media studies, methodology, philosophy, political science, population Studies, psychology, public administration, sociology, social welfare, linguistics, literature, paralegal, performing arts, religious studies, visual arts, women studies, economics, international relations, development studies, population studies, political science, history, journalism and mass communication, corporate governance, cross-cultural studies, peace and conflict, library and information science, public administration, psychology, philosophy, sociology, women studies, religious studies, social welfare, anthropology, linguistics, etc. 0aSocial sciencesvSocial sciencesxSocial sciences 0aIndia 0ae-Journal uhhttp://www.sociologyjournal.in/